Quiz sur la Grèce Antique - Statistiques

Statistiques générales
  • Ce quiz a été pris 104 fois
  • Le résultat moyen est 6 sur 20
Statistiques - réponses
Question Réponse % Correct
Quelle date a été communément admise pour marquer les premiers "Jeux Olympiques" ? -776
61%
Quel diadoque - ancien général d'Alexandre - a détourné la sépulture d'Alexandre le Grand afin de se fonder une légitimité royale ? Ptolémée
57%
En quelle année s'achève la Guerre du Péloponnèse? -404
52%
Quelle ville fut détruite en -335 par Alexandre le Grand, puis reconstruite sous Cassandre en -316 ? Thèbes
48%
Après la mort du Grand Roi perse Darius III, en -330, pendant combien d'années encore Alexandre le Grand poursuiva-t-il son œuvre de conquête ? 7ans
43%
Quel célèbre monument fut érigée à la suite d'un siège de Démétrios Ier Poliorcète ? Le colosse de Rhodes
39%
Quelle est la date de la Bataille de Marathon ? -490
35%
Parmi ces concours sportifs lequel n'est pas "stéphanite" ? (concours récompensant les vainqueurs par une couronne de laurier) Les jeux Panathénées
35%
Quels sont les noms des 2 grands législateurs archaïques de Sparte et de Athènes ? Lycurgue et Solon
35%
En référence à quel roi désigne-t-on une victoire obtenue au prix de pertes si lourdes pour le vainqueur qu'elle équivaut quasiment à une défaite ? Pyrrhus
35%
Quelle date marque la chute du Royaume de Crésus au profit du Royaume Perse? -546
30%
Quelle bataille importante du IVe siècle avant J.-C. marque le début de l'hégémonie macéonienne en Grèce continentale ? Bataille de Chéronée
30%
Suite à la mort du Grand Roi Darius II, en 404, une guerre fratricide s'installe dans l'Empire Achéménide; l'un des prétendants au trône fait alors appel à un corps expéditionnaire grec pour le soutenir militairement (les "Dix-Mille"). Qui est le commanditaire des "Dix-Mille" ? Cyrus le Jeune
26%
Quelle colonie fondée par les Phocéens, lors des phénomènes de colonisations des cités grecques durant l'époque Archaïque, ne se trouve pas en France ? Monoïkos (Monaco)
26%
De quel royaume Démétrios Ier Anikêtos est-il le roi ? Royaume de Bactriane
26%
De quelle cité grecque le physicien et ingénieur, Archimède est-il originaire ? Syracuse
26%
Quelle bataille met un coup d'arrêt décisif à Persée, dernier dynaste Antigonide et roi de Macédoine, mettant ainsi le royaume de Macédoine sous l'égide de Rome ? Bataille de Pydna
22%
Qui fut vraisemblablement le dernier ostracisé avec Hyperbolos ? Thucydide d'Alopékè
13%
Combien compte-t-on de Ptolémée ayant régné sur le royaume Lagide ? 15
4%
Quelle année marque l'annexion du dernier royaume Diadoque par Rome ? -30
0%
Aucun quiz correspondant
Distribution des résultats
% des personnes avec chaque résultat
Percentile par nombre de réponses
Votre historique - résultats
Vous n’avez pas pris ce quiz